| 000 | 00787pam a2200205 a 4500 | ||
|---|---|---|---|
| 020 | _a007037998X (pbk.) | ||
| 082 | 0 | 0 |
_a005.133 CO _bNEW _cMCE-L-02,P-99 |
| 100 | 1 |
_aNewcomer, Lawrence R. _936731 |
|
| 245 | 1 | 0 |
_aSchaum's outline of theory and problems of programming with structured COBOL / _cby Lawrence R. Newcomer. |
| 260 |
_aNew York : _bMcGraw-Hill, _c1984. |
||
| 300 |
_a375 p. : _bill. ; _c28 cm. |
||
| 490 | 0 | _aSchaum's outline series | |
| 500 | _aIncludes index. | ||
| 500 | _aSpine title: Programming with structured COBOL. | ||
| 526 |
_a0 _b0 _c0 _d005_133000000000000_CO_NEW |
||
| 650 | 0 |
_aCOBOL (Computer program language) _xProblems, exercises, etc. _936732 |
|
| 650 | 0 |
_aMCE _9379 |
|
| 650 | 0 |
_aStructured programming _xProblems, exercises, etc. _936733 |
|
| 942 |
_2ddc _cBK |
||
| 999 |
_c541715 _d541715 |
||